[Event "Havana-ch sf region"]
[Site "Havana"]
[Date "1998.??.??"]
[Round "?"]
[White "Cabrera Castellanos, Gabriel"]
[Black "Paneque, Antonio"]
[Result "1-0"]
[WhiteElo "2235"]
[BlackElo "2070"]
[PlyCount "43"]
[EventDate "1998.??.??"]
[EventType "swiss"]
[EventRounds "9"]
[EventCountry "CUB"]
[SourceTitle "EXT 2003"]
[Source "ChessBase"]
[SourceDate "2002.11.25"]
[SourceVersion "1"]
[SourceVersionDate "2002.11.25"]
[SourceQuality "1"]

1. d4 Nf6 2. c4 e6 3. Nf3 Bb4+ 4. Bd2 Bxd2+ 5. Qxd2 0-0 6. Nc3 d5 7. e3 b6 8. cxd5 exd5 9. Bd3 Ba6 10. Ne5 c5 11. 0-0 cxd4 12. exd4 Bxd3 13. Qxd3 Re8 14. Rfe1 a6 15. Qf3 Qd6 16. Nc4 Rxe1+ 17. Rxe1 Qb4 18. Nxb6 Qxb6 19. Nxd5 Qa7 20. Nxf6+ gxf6 21. Re8+ Kg7 22. Qg4+ 1-0

[Event "Havana-ch sf region"]
[Site "Havana"]
[Date "1998.??.??"]
[Round "?"]
[White "Paneque, Antonio"]
[Black "Rodriguez Cespedes, Amador"]
[Result "0-1"]
[WhiteElo "2070"]
[BlackElo "2495"]
[PlyCount "124"]
[EventDate "1998.??.??"]
[EventType "swiss"]
[EventRounds "9"]
[EventCountry "CUB"]
[SourceTitle "EXT 2003"]
[Source "ChessBase"]
[SourceDate "2002.11.25"]
[SourceVersion "1"]
[SourceVersionDate "2002.11.25"]
[SourceQuality "1"]

1. d4 Nf6 2. c4 e6 3. Nf3 b6 4. g3 Ba6 5. b3 Bb4+ 6. Bd2 Be7 7. Bg2 d5 8. Ne5 c6 9. 0-0 Nfd7 10. Nxd7 Nxd7 11. cxd5 cxd5 12. Nc3 0-0 13. Re1 Ba3 14. Rb1 Bb4 15. a3 Be7 16. a4 Nf6 17. f3 Qd7 18. Na2 Rfd8 19. Bb4 Bb7 20. Qd2 Rac8 21. Bxe7 Qxe7 22. Nb4 e5 23. dxe5 Qxe5 24. Nd3 Qd4+ 25. e3 Qc3 26. Qxc3 Rxc3 27. Red1 h5 28. Rd2 Bc8 29. Bf1 Bf5 30. Rbb2 g5 31. Rbc2 Rxb3 32. Rc7 Rd7 33. Rxd7 Bxd7 34. Ra2 a5 35. Kf2 Bf5 36. Rb2 Rxb2+ 37. Nxb2 Kf8 38. Ke2 Ke7 39. Kd2 Kd6 40. Kc3 Kc5 41. Nd3+ Bxd3 42. Bxd3 Nd7 43. h3 h4 44. gxh4 gxh4 45. Bb5 Ne5 46. f4 Nc6 47. Kd3 f6 48. Ke2 Na7 49. Bd3 b5 50. axb5 Nxb5 51. Kf3 Nc3 52. Bc2 Kd6 53. Kg4 Ke7 54. Kxh4 Kf7 55. Kg4 a4 56. Kf3 a3 57. Bb3 f5 58. h4 Kg6 59. Kf2 a2 60. Bxa2 Nxa2 61. Ke2 Nb4 62. Kd2 Nc6 0-1

[Event "Havana-ch sf region"]
[Site "Havana"]
[Date "1998.??.??"]
[Round "?"]
[White "Perez, Juan C"]
[Black "Paneque, Antonio"]
[Result "0-1"]
[WhiteElo "2210"]
[BlackElo "2070"]
[PlyCount "66"]
[EventDate "1998.??.??"]
[EventType "swiss"]
[EventRounds "9"]
[EventCountry "CUB"]
[SourceTitle "EXT 2003"]
[Source "ChessBase"]
[SourceDate "2002.11.25"]
[SourceVersion "1"]
[SourceVersionDate "2002.11.25"]
[SourceQuality "1"]

1. d4 Nf6 2. c4 e6 3. Nc3 d5 4. cxd5 exd5 5. Bg5 Be7 6. e3 0-0 7. Bd3 Re8 8. Qc2 Nbd7 9. Nge2 Nf8 10. f3 c6 11. 0-0 h6 12. Bh4 Ne6 13. Rad1 Nh5 14. Bf2 Bh4 15. Bf5 Bxf2+ 16. Rxf2 Qg5 17. e4 Nef4 18. Bxc8 Raxc8 19. Nxf4 Nxf4 20. Rfd2 Re6 21. b4 h5 22. Na4 Rce8 23. Nc5 R6e7 24. Re1 h4 25. Kh1 b6 26. Na4 Re6 27. Nc3 Rg6 28. Rf2 Nh5 29. Qd2 Nf4 30. a4 a6 31. Ra1 Qf6 32. Ra3 Qd6 33. Rb3 Qf6 0-1

[Event "Havana-ch sf region"]
[Site "Havana"]
[Date "1998.??.??"]
[Round "?"]
[White "Poyato, Antonio"]
[Black "Paneque, Antonio"]
[Result "1-0"]
[WhiteElo "2195"]
[BlackElo "2070"]
[PlyCount "77"]
[EventDate "1998.??.??"]
[EventType "swiss"]
[EventRounds "9"]
[EventCountry "CUB"]
[SourceTitle "EXT 2003"]
[Source "ChessBase"]
[SourceDate "2002.11.25"]
[SourceVersion "1"]
[SourceVersionDate "2002.11.25"]
[SourceQuality "1"]

1. Nf3 Nf6 2. c4 c5 3. g3 e6 4. Bg2 Be7 5. 0-0 0-0 6. b3 d5 7. cxd5 exd5 8. d4 Nc6 9. Bb2 h6 10. dxc5 Bxc5 11. Nc3 Be6 12. Na4 Be7 13. Nd4 Qd7 14. Rc1 Nxd4 15. Qxd4 b6 16. Rfd1 Rfd8 17. Ba1 Rac8 18. Rxc8 Qxc8 19. Qb2 Bf8 20. Nc3 a6 21. Rc1 Qd7 22. Na4 Qb7 23. Qd2 Be7 24. Qd4 Rc8 25. Rc3 Rxc3 26. Bxc3 b5 27. Nc5 Bxc5 28. Qxc5 Ne4 29. Bxe4 dxe4 30. Qe5 Kf8 31. Qxg7+ Ke7 32. Qf6+ Kd7 33. Qxh6 Qc6 34. Qd2+ Kc7 35. h4 Bh3 36. Bd4 e3 37. Qc3 exf2+ 38. Kxf2 Qxc3 39. Bxc3 1-0